000 00208nmm a2200085Ia 4500
008 220120s9999||||xx |||||||||||||||||und||
100 _aBPB publication
_91389
245 0 _aGo embedded
260 _aBPB publication
999 _c139640
_d139640